[Event "Baku Chess Olympiad | Open"]
[Site "chess24.com"]
[Date "2016.09.12"]
[Round "10"]
[White "Hifad, Rachid"]
[Black "Lamawansa, Yasas"]
[Result "0-1"]
[Board "4"]
[WhiteID "9000623"]
[WhiteElo "2175"]
[WhiteTitle "IM"]
[WhiteCountry "MAR"]
[WhiteFideId "9000623"]
[WhiteEloChange "-13"]
[BlackID "9904166"]
[BlackElo "2052"]
[BlackCountry "SRI"]
[BlackFideId "9904166"]
[BlackEloChange "13"]

1. Nf3 {[%clk 1:30:54]} d5 {[%clk 1:30:54]} 2. g3 {[%clk 1:31:19]} Nc6 {[%clk
1:31:20]} 3. d4 {[%clk 1:31:23]} Bf5 {[%clk 1:31:35]} 4. Bg2 {[%clk 1:31:20]} Nb4
{[%clk 1:29:19]} 5. Na3 {[%clk 1:31:41]} c6 {[%clk 1:29:39]} 6. O-O {[%clk
1:30:35]} e6 {[%clk 1:29:24]} 7. c3 {[%clk 1:24:27]} Na6 {[%clk 1:29:50]} 8. Ne5
{[%clk 1:24:35]} Bd6 {[%clk 1:28:14]} 9. Bf4 {[%clk 1:24:08]} Ne7 {[%clk
1:15:12]} 10. Qd2 {[%clk 1:18:41]} O-O {[%clk 1:13:52]} 11. Rfe1 {[%clk 1:17:48]}
f6 {[%clk 1:09:38]} 12. Nd3 {[%clk 1:15:32]} Bxf4 {[%clk 1:08:52]} 13. Qxf4
{[%clk 1:15:06]} Ng6 {[%clk 1:07:42]} 14. Qd2 {[%clk 1:14:37]} e5 {[%clk
1:07:26]} 15. Nc2 {[%clk 1:08:01]} Nc7 {[%clk 1:07:26]} 16. Rad1 {[%clk 1:07:57]}
Ne6 {[%clk 1:01:48]} 17. h4 {[%clk 1:03:16]} exd4 {[%clk 0:52:12]} 18. Nxd4
{[%clk 1:01:47]} Nxd4 {[%clk 0:52:36]} 19. cxd4 {[%clk 1:02:10]} Re8 {[%clk
0:38:45]} 20. Nc5 {[%clk 1:01:19]} Qc7 {[%clk 0:37:19]} 21. Rc1 {[%clk 1:01:29]}
Qf7 {[%clk 0:34:37]} 22. b3 {[%clk 1:00:19]} Nf8 {[%clk 0:32:12]} 23. Qf4 {[%clk
1:00:11]} Be6 {[%clk 0:31:13]} 24. Kh2 {[%clk 0:59:52]} Rad8 {[%clk 0:30:53]} 25.
Bf3 {[%clk 0:57:50]} Bc8 {[%clk 0:29:05]} 26. Rc3 {[%clk 0:57:19]} Ne6 {[%clk
0:28:01]} 27. Nxe6 {[%clk 0:57:37]} Qxe6 {[%clk 0:27:54]} 28. Rec1 {[%clk
0:56:25]} Qf5 {[%clk 0:26:26]} 29. Qxf5 {[%clk 0:49:55]} Bxf5 {[%clk 0:26:54]}
30. b4 {[%clk 0:50:14]} a6 {[%clk 0:25:52]} 31. a4 {[%clk 0:50:29]} g5 {[%clk
0:24:14]} 32. e3 {[%clk 0:49:47]} Ra8 {[%clk 0:10:55]} 33. Rc5 {[%clk 0:48:44]}
gxh4 {[%clk 0:10:24]} 34. gxh4 {[%clk 0:49:13]} Be4 {[%clk 0:10:33]} 35. Kg3
{[%clk 0:41:04]} Kf7 {[%clk 0:05:25]} 36. Bh5+ {[%clk 0:38:27]} Bg6 {[%clk
0:05:50]} 37. Bg4 {[%clk 0:38:23]} Rg8 {[%clk 0:05:26]} 38. Kf4 {[%clk 0:38:42]}
Rae8 {[%clk 0:04:49]} 39. f3 {[%clk 0:37:43]} h5 {[%clk 0:04:01]} 40. Bh3 {[%clk
1:07:37]} Bd3 {[%clk 0:34:13]} 41. R5c3 {[%clk 1:06:27]} Be2 {[%clk 0:32:53]} 42.
Re1 {[%clk 0:40:52]} Bc4 {[%clk 0:34:49]} 43. Rcc1 {[%clk 0:40:47]} Rg7 {[%clk
0:31:59]} 44. Rg1 {[%clk 0:38:33]} Reg8 {[%clk 0:32:24]} 45. Rxg7+ {[%clk
0:38:58]} Rxg7 {[%clk 0:32:40]} 46. e4 {[%clk 0:38:17]} Ke7 {[%clk 0:32:06]} 47.
a5 {[%clk 0:35:07]} Kd6 {[%clk 0:31:58]} 48. Rc2 {[%clk 0:30:48]} Rg1 {[%clk
0:31:06]} 49. e5+ {[%clk 0:31:10]} fxe5+ {[%clk 0:31:31]} 50. dxe5+ {[%clk
0:31:28]} Ke7 {[%clk 0:31:45]} 51. Bf5 {[%clk 0:28:26]} Bb3 {[%clk 0:29:11]} 52.
Rd2 {[%clk 0:25:47]} Ba4 {[%clk 0:29:19]} 53. Bh3 {[%clk 0:20:41]} Rh1 {[%clk
0:27:58]} 54. Bg2 {[%clk 0:14:28]} Rxh4+ {[%clk 0:28:00]} 55. Kg5 {[%clk
0:14:53]} Rh2 {[%clk 0:25:32]} 56. f4 {[%clk 0:04:59]} h4 {[%clk 0:25:44]} 57. f5
{[%clk 0:05:13]} h3 {[%clk 0:26:04]} 58. f6+ {[%clk 0:05:39]} Kf8 {[%clk
0:25:28]} 59. Bf3 {[%clk 0:04:22]} Rxd2 {[%clk 0:24:59]} 60. e6 {[%clk 0:04:51]}
Bd1 {[%clk 0:24:34]} 61. f7 {[%clk 0:04:47]} Bxf3 {[%clk 0:24:29]} 0-1

[Event "Baku Chess Olympiad | Open"]
[Site "chess24.com"]
[Date "2016.09.12"]
[Round "10"]
[White "Kulashko, Alexei"]
[Black "Munoz Santana, Jose Lisandro"]
[Result "0-1"]
[Board "1"]
[WhiteID "4300599"]
[WhiteElo "2348"]
[WhiteTitle "FM"]
[WhiteCountry "NZL"]
[WhiteFideId "4300599"]
[WhiteEloChange "-7"]
[BlackID "6400361"]
[BlackElo "2439"]
[BlackTitle "IM"]
[BlackCountry "DOM"]
[BlackFideId "6400361"]
[BlackEloChange "4"]

1. Nf3 {[%clk 1:30:56]} c5 {[%clk 1:30:50]} 2. e4 {[%clk 1:30:00]} Nc6 {[%clk
1:30:42]} 3. Bb5 {[%clk 1:29:57]} Nf6 {[%clk 1:30:56]} 4. Nc3 {[%clk 1:27:35]} g6
{[%clk 1:30:47]} 5. Bxc6 {[%clk 1:24:25]} dxc6 {[%clk 1:27:32]} 6. d3 {[%clk
1:23:44]} Bg7 {[%clk 1:27:33]} 7. h3 {[%clk 1:22:52]} Nd7 {[%clk 1:27:23]} 8. Be3
{[%clk 1:19:23]} e5 {[%clk 1:27:43]} 9. Qd2 {[%clk 1:19:09]} h6 {[%clk 1:28:08]}
10. O-O-O {[%clk 1:04:25]} Qe7 {[%clk 1:26:56]} 11. Nh2 {[%clk 0:57:06]} Nf8
{[%clk 1:27:18]} 12. Na4 {[%clk 0:50:43]} Ne6 {[%clk 1:27:33]} 13. Qa5 {[%clk
0:49:50]} b5 {[%clk 1:27:43]} 14. Nc3 {[%clk 0:46:50]} Rb8 {[%clk 1:25:46]} 15.
Ne2 {[%clk 0:43:48]} b4 {[%clk 1:25:06]} 16. Qa4 {[%clk 0:39:02]} Nd4 {[%clk
1:20:00]} 17. Nxd4 {[%clk 0:21:02]} cxd4 {[%clk 1:20:22]} 18. Bd2 {[%clk
0:21:26]} Rb6 {[%clk 1:15:47]} 19. a3 {[%clk 0:20:46]} bxa3 {[%clk 1:14:08]} 20.
Qxa3 {[%clk 0:18:45]} Qb7 {[%clk 1:12:46]} 21. Ba5 {[%clk 0:15:58]} Bf8 {[%clk
1:12:37]} 22. Qa4 {[%clk 0:14:46]} Rxb2 {[%clk 1:12:23]} 23. Nf3 {[%clk 0:12:41]}
Rb5 {[%clk 1:01:33]} 24. c4 {[%clk 0:12:17]} Rb1+ {[%clk 0:49:52]} 25. Kd2 {[%clk
0:12:45]} Rb2+ {[%clk 0:50:01]} 26. Ke1 {[%clk 0:11:56]} f6 {[%clk 0:46:20]} 27.
Bd2 {[%clk 0:10:38]} Bc5 {[%clk 0:39:47]} 28. Ke2 {[%clk 0:10:22]} O-O {[%clk
0:40:16]} 29. g4 {[%clk 0:09:43]} Kh7 {[%clk 0:40:05]} 30. Rc1 {[%clk 0:06:50]}
f5 {[%clk 0:34:06]} 31. gxf5 {[%clk 0:07:10]} gxf5 {[%clk 0:34:34]} 32. Nxe5
{[%clk 0:06:39]} fxe4 {[%clk 0:34:51]} 33. Rc2 {[%clk 0:05:56]} Rxc2 {[%clk
0:31:25]} 34. Qxc2 {[%clk 0:06:17]} Qe7 {[%clk 0:31:43]} 35. dxe4 {[%clk
0:03:15]} Qxe5 {[%clk 0:32:11]} 36. Qd3 {[%clk 0:03:32]} Bf5 {[%clk 0:31:15]} 37.
f3 {[%clk 0:03:45]} Qg3 {[%clk 0:30:21]} 38. Rb1 {[%clk 0:03:49]} Bxh3 {[%clk
0:29:15]} 39. Rb7+ {[%clk 0:03:52]} Kh8 {[%clk 0:29:29]} 40. Bxh6 {[%clk
0:30:49]} Bf1+ {[%clk 0:59:41]} 0-1

[Event "Baku Chess Olympiad | Open"]
[Site "chess24.com"]
[Date "2016.09.12"]
[Round "10"]
[White "Pinal Borges, Nelson"]
[Black "Wastney, Scott"]
[Result "0-1"]
[Board "2"]
[WhiteID "3500594"]
[WhiteElo "2320"]
[WhiteTitle "IM"]
[WhiteCountry "DOM"]
[WhiteFideId "3500594"]
[WhiteEloChange "-10"]
[BlackID "4300513"]
[BlackElo "2312"]
[BlackTitle "FM"]
[BlackCountry "NZL"]
[BlackFideId "4300513"]
[BlackEloChange "10"]

1. Nf3 {[%clk 1:30:57]} d5 {[%clk 1:30:35]} 2. g3 {[%clk 1:31:21]} Nf6 {[%clk
1:30:48]} 3. Bg2 {[%clk 1:31:47]} e6 {[%clk 1:31:11]} 4. O-O {[%clk 1:31:43]} Be7
{[%clk 1:31:36]} 5. d3 {[%clk 1:31:47]} O-O {[%clk 1:31:57]} 6. Nbd2 {[%clk
1:32:14]} c5 {[%clk 1:32:18]} 7. e4 {[%clk 1:32:19]} Nc6 {[%clk 1:32:11]} 8. Re1
{[%clk 1:30:39]} b5 {[%clk 1:32:28]} 9. e5 {[%clk 1:29:12]} Ne8 {[%clk 1:32:52]}
10. Nf1 {[%clk 1:26:20]} a5 {[%clk 1:33:16]} 11. h4 {[%clk 1:25:05]} b4 {[%clk
1:33:27]} 12. N1h2 {[%clk 1:18:26]} a4 {[%clk 1:33:47]} 13. a3 {[%clk 1:18:40]}
bxa3 {[%clk 1:34:09]} 14. bxa3 {[%clk 1:19:09]} Nc7 {[%clk 1:33:36]} 15. Bf4
{[%clk 1:06:57]} Nb5 {[%clk 1:33:29]} 16. Ng5 {[%clk 1:03:41]} Nbd4 {[%clk
1:28:21]} 17. c3 {[%clk 0:59:41]} Nf5 {[%clk 1:28:27]} 18. Rb1 {[%clk 0:52:32]}
Ra6 {[%clk 1:25:39]} 19. Qe2 {[%clk 0:40:13]} Rb6 {[%clk 1:09:17]} 20. Nf1 {[%clk
0:36:16]} Rb3 {[%clk 1:08:05]} 21. Rxb3 {[%clk 0:32:16]} axb3 {[%clk 1:08:34]}
22. Qb2 {[%clk 0:32:16]} Ba6 {[%clk 1:02:40]} 23. c4 {[%clk 0:21:09]} Ncd4 {[%clk
1:02:15]} 24. cxd5 {[%clk 0:16:15]} exd5 {[%clk 1:01:11]} 25. Rd1 {[%clk
0:10:29]} c4 {[%clk 0:58:41]} 26. dxc4 {[%clk 0:06:25]} dxc4 {[%clk 0:58:17]} 27.
Ne4 {[%clk 0:06:41]} Qa5 {[%clk 0:54:13]} 28. Rxd4 {[%clk 0:05:50]} Nxd4 {[%clk
0:52:03]} 29. Qxd4 {[%clk 0:06:13]} Qxa3 {[%clk 0:51:06]} 30. Nfd2 {[%clk
0:03:58]} b2 {[%clk 0:48:33]} 31. Nf6+ {[%clk 0:03:53]} Bxf6 {[%clk 0:42:16]} 32.
exf6 {[%clk 0:04:15]} Qa1+ {[%clk 0:42:36]} 0-1

[Event "Baku Chess Olympiad | Open"]
[Site "chess24.com"]
[Date "2016.09.12"]
[Round "10"]
[White "Dive, Russell John"]
[Black "Dominguez, Jose Manuel"]
[Result "1/2-1/2"]
[Board "3"]
[WhiteID "4300106"]
[WhiteElo "2309"]
[WhiteTitle "IM"]
[WhiteCountry "NZL"]
[WhiteFideId "4300106"]
[WhiteEloChange "-1"]
[BlackID "6400124"]
[BlackElo "2273"]
[BlackTitle "IM"]
[BlackCountry "DOM"]
[BlackFideId "6400124"]
[BlackEloChange "1"]

1. f4 {[%clk 1:30:57]} e5 {[%clk 1:29:10]} 2. fxe5 {[%clk 1:31:11]} d6 {[%clk
1:29:32]} 3. exd6 {[%clk 1:31:22]} Bxd6 {[%clk 1:30:00]} 4. Nf3 {[%clk 1:31:34]}
g5 {[%clk 1:30:28]} 5. g3 {[%clk 1:31:52]} Nc6 {[%clk 1:23:38]} 6. c3 {[%clk
1:26:29]} g4 {[%clk 1:22:16]} 7. Nh4 {[%clk 1:26:11]} Nge7 {[%clk 1:16:13]} 8. d4
{[%clk 1:26:02]} Ng6 {[%clk 1:16:41]} 9. Nxg6 {[%clk 1:26:03]} hxg6 {[%clk
1:17:07]} 10. Qd3 {[%clk 1:25:31]} Bf5 {[%clk 1:11:03]} 11. e4 {[%clk 1:25:06]}
Qe7 {[%clk 1:11:32]} 12. Bg2 {[%clk 1:25:12]} O-O-O {[%clk 1:11:46]} 13. Nd2
{[%clk 1:03:51]} Bc5 {[%clk 0:39:31]} 14. Qe2 {[%clk 0:48:08]} Be6 {[%clk
0:25:44]} 15. dxc5 {[%clk 0:39:42]} Ne5 {[%clk 0:26:03]} 16. O-O {[%clk 0:35:15]}
Qxc5+ {[%clk 0:25:00]} 17. Qf2 {[%clk 0:35:00]} Qa5 {[%clk 0:24:29]} 18. a4
{[%clk 0:15:46]} Nd3 {[%clk 0:17:35]} 19. Qe2 {[%clk 0:13:15]} Qc5+ {[%clk
0:15:56]} 20. Rf2 {[%clk 0:13:38]} Rxh2 {[%clk 0:02:17]} 21. Nf1 {[%clk 0:10:36]}
Rh7 {[%clk 0:01:02]} 22. Be3 {[%clk 0:09:09]} Qh5 {[%clk 0:01:20]} 23. Rd1 {[%clk
0:07:55]} Bc4 {[%clk 0:00:41]} 24. b3 {[%clk 0:06:41]} Nxf2 {[%clk 0:01:02]} 25.
Rxd8+ {[%clk 0:06:50]} Kxd8 {[%clk 0:01:31]} 26. Qxf2 {[%clk 0:04:16]} Bxb3
{[%clk 0:01:36]} 27. Qf6+ {[%clk 0:02:46]} Kc8 {[%clk 0:01:55]} 28. Bg5 {[%clk
0:02:49]} Rh8 {[%clk 0:02:19]} 29. Ne3 {[%clk 0:02:52]} Re8 {[%clk 0:01:06]} 30.
Nd5 {[%clk 0:02:59]} Bxd5 {[%clk 0:00:57]} 31. exd5 {[%clk 0:03:20]} Qh8 {[%clk
0:01:11]} 32. Qxf7 {[%clk 0:03:01]} Qe5 {[%clk 0:00:33]} 33. Qxg6 {[%clk
0:01:01]} Qe1+ {[%clk 0:00:59]} 34. Kh2 {[%clk 0:01:27]} Rh8+ {[%clk 0:01:04]}
35. Bh4 {[%clk 0:01:55]} Rxh4+ {[%clk 0:00:56]} 36. gxh4 {[%clk 0:02:18]} Qxh4+
{[%clk 0:01:20]} 37. Kg1 {[%clk 0:02:44]} Qe1+ {[%clk 0:01:45]} 38. Bf1 {[%clk
0:02:32]} Qg3+ {[%clk 0:01:35]} 39. Kh1 {[%clk 0:02:46]} Qh4+ {[%clk 0:01:46]}
40. Kg2 {[%clk 0:32:08]} Qh3+ {[%clk 0:32:04]} 41. Kf2 {[%clk 0:28:09]} Qf3+
{[%clk 0:32:24]} 42. Ke1 {[%clk 0:28:25]} Qxc3+ {[%clk 0:32:45]} 43. Kf2 {[%clk
0:24:13]} Qf3+ {[%clk 0:28:17]} 44. Ke1 {[%clk 0:24:32]} Qc3+ {[%clk 0:28:34]}
45. Kd1 {[%clk 0:24:03]} Qb3+ {[%clk 0:25:34]} 46. Ke2 {[%clk 0:22:18]} Qf3+
{[%clk 0:22:00]} 47. Ke1 {[%clk 0:18:33]} 1/2-1/2

[Event "Baku Chess Olympiad | Open"]
[Site "chess24.com"]
[Date "2016.09.12"]
[Round "10"]
[White "Guzman, Christopher"]
[Black "Lukey, Stephen G"]
[Result "1-0"]
[Board "4"]
[WhiteID "6405096"]
[WhiteElo "2259"]
[WhiteTitle "CM"]
[WhiteCountry "DOM"]
[WhiteFideId "6405096"]
[WhiteEloChange "9"]
[BlackID "4300386"]
[BlackElo "2217"]
[BlackTitle "FM"]
[BlackCountry "NZL"]
[BlackFideId "4300386"]
[BlackEloChange "-9"]

1. d4 {[%clk 1:30:58]} d5 {[%clk 1:30:34]} 2. Nf3 {[%clk 1:31:19]} c5 {[%clk
1:29:37]} 3. c3 {[%clk 1:29:28]} e6 {[%clk 1:24:51]} 4. Bf4 {[%clk 1:29:37]} Qb6
{[%clk 1:19:42]} 5. Qb3 {[%clk 1:28:39]} Nd7 {[%clk 1:02:03]} 6. e3 {[%clk
1:28:38]} Ngf6 {[%clk 0:59:00]} 7. Nbd2 {[%clk 1:28:18]} Be7 {[%clk 0:57:53]} 8.
Ne5 {[%clk 1:27:30]} Qxb3 {[%clk 0:52:20]} 9. axb3 {[%clk 1:27:53]} Nh5 {[%clk
0:46:28]} 10. Nd3 {[%clk 1:23:16]} Nxf4 {[%clk 0:46:41]} 11. Nxf4 {[%clk
1:23:36]} cxd4 {[%clk 0:45:03]} 12. exd4 {[%clk 1:23:28]} O-O {[%clk 0:44:45]}
13. Nf3 {[%clk 1:23:41]} Bd6 {[%clk 0:44:34]} 14. Nd3 {[%clk 1:24:03]} Re8 {[%clk
0:43:59]} 15. Be2 {[%clk 1:23:38]} f6 {[%clk 0:39:54]} 16. O-O-O {[%clk 1:23:34]}
e5 {[%clk 0:33:50]} 17. Nde1 {[%clk 1:22:08]} e4 {[%clk 0:32:15]} 18. Nh4 {[%clk
1:20:45]} Nb6 {[%clk 0:20:25]} 19. g3 {[%clk 1:21:13]} Be6 {[%clk 0:20:09]} 20.
Nc2 {[%clk 1:21:21]} a5 {[%clk 0:18:39]} 21. f4 {[%clk 1:19:29]} f5 {[%clk
0:17:50]} 22. Ng2 {[%clk 1:18:31]} Rec8 {[%clk 0:16:33]} 23. Nge3 {[%clk
1:18:17]} g6 {[%clk 0:15:00]} 24. Kd2 {[%clk 1:18:29]} a4 {[%clk 0:12:03]} 25. b4
{[%clk 1:18:46]} Kf7 {[%clk 0:10:19]} 26. Na3 {[%clk 1:18:12]} Be7 {[%clk
0:08:01]} 27. Nb5 {[%clk 1:18:17]} Bd7 {[%clk 0:07:19]} 28. h3 {[%clk 1:09:16]}
Nc4+ {[%clk 0:04:51]} 29. Bxc4 {[%clk 1:09:33]} dxc4 {[%clk 0:05:05]} 30. Na3
{[%clk 1:09:46]} b5 {[%clk 0:04:48]} 31. Ke2 {[%clk 1:10:02]} Bd6 {[%clk
0:04:15]} 32. Nec2 {[%clk 1:09:53]} g5 {[%clk 0:03:42]} 33. Ke3 {[%clk 1:09:57]}
gxf4+ {[%clk 0:03:59]} 34. gxf4 {[%clk 1:10:20]} Rg8 {[%clk 0:04:56]} 35. Rhg1
{[%clk 1:10:49]} Rg6 {[%clk 0:04:50]} 36. Rg5 {[%clk 1:10:03]} Rxg5 {[%clk
0:04:24]} 37. fxg5 {[%clk 1:10:31]} Kg6 {[%clk 0:04:33]} 38. d5 {[%clk 1:10:49]}
Re8 {[%clk 0:02:58]} 39. Nd4 {[%clk 1:41:06]} f4+ {[%clk 0:33:09]} 40. Kf2 {[%clk
1:41:35]} Bxh3 {[%clk 0:31:58]} 41. Rh1 {[%clk 1:39:56]} e3+ {[%clk 0:26:18]} 42.
Ke1 {[%clk 1:18:18]} Bg2 {[%clk 0:26:10]} 43. Rh6+ {[%clk 1:18:19]} Kxg5 {[%clk
0:26:34]} 44. Rxd6 {[%clk 1:18:39]} f3 {[%clk 0:26:53]} 45. Nxf3+ {[%clk
1:16:36]} Bxf3 {[%clk 0:27:16]} 46. Nxb5 {[%clk 1:16:53]} Bg4 {[%clk 0:18:05]}
47. Nc7 {[%clk 1:13:45]} Rg8 {[%clk 0:13:23]} 48. Ne6+ {[%clk 1:13:27]} Bxe6
{[%clk 0:06:02]} 49. dxe6 {[%clk 1:11:28]} Kf4 {[%clk 0:02:49]} 50. e7 {[%clk
1:10:49]} Rg1+ {[%clk 0:00:48]} 51. Ke2 {[%clk 1:11:11]} Rg2+ {[%clk 0:01:02]}
52. Kf1 {[%clk 1:11:09]} e2+ {[%clk 0:00:34]} 53. Ke1 {[%clk 1:11:36]} Rg8 {[%clk
0:00:34]} 54. Rd8 {[%clk 1:10:23]} Rg1+ {[%clk 0:00:41]} 55. Kxe2 {[%clk
1:10:50]} Rg2+ {[%clk 0:00:56]} 56. Kf1 {[%clk 1:11:07]} 1-0

[Event "Baku Chess Olympiad | Open"]
[Site "chess24.com"]
[Date "2016.09.12"]
[Round "10"]
[White "Kigigha, Bomo"]
[Black "Matoewi, Roger"]
[Result "1-0"]
[Board "1"]
[WhiteID "8500037"]
[WhiteElo "2340"]
[WhiteTitle "FM"]
[WhiteCountry "NGR"]
[WhiteFideId "8500037"]
[WhiteEloChange "3"]
[BlackID "8200084"]
[BlackElo "2042"]
[BlackTitle "FM"]
[BlackCountry "SUR"]
[BlackFideId "8200084"]
[BlackEloChange "-3"]

1. c4 {[%clk 1:30:58]} g6 {[%clk 1:30:36]} 2. Nc3 {[%clk 1:31:07]} Bg7 {[%clk
1:31:03]} 3. g3 {[%clk 1:31:33]} c5 {[%clk 1:31:17]} 4. Nf3 {[%clk 1:31:49]} Nc6
{[%clk 1:31:35]} 5. Bg2 {[%clk 1:32:15]} d6 {[%clk 1:32:01]} 6. O-O {[%clk
1:32:34]} e5 {[%clk 1:32:28]} 7. a3 {[%clk 1:32:40]} Nge7 {[%clk 1:32:52]} 8. Rb1
{[%clk 1:31:10]} a5 {[%clk 1:25:25]} 9. d3 {[%clk 1:28:31]} O-O {[%clk 1:25:30]}
10. Ne1 {[%clk 1:28:53]} Be6 {[%clk 1:24:13]} 11. Nc2 {[%clk 1:26:34]} d5 {[%clk
1:18:17]} 12. cxd5 {[%clk 1:25:22]} Nxd5 {[%clk 1:18:39]} 13. Ne3 {[%clk
1:20:48]} Nxe3 {[%clk 1:09:46]} 14. Bxe3 {[%clk 1:21:05]} Qe7 {[%clk 1:08:58]}
15. Bxc6 {[%clk 1:19:34]} bxc6 {[%clk 1:08:39]} 16. Ne4 {[%clk 1:19:47]} Rfb8
{[%clk 1:06:31]} 17. Bxc5 {[%clk 1:15:44]} Qd8 {[%clk 1:06:51]} 18. Qc1 {[%clk
0:59:32]} Bh3 {[%clk 0:58:34]} 19. Rd1 {[%clk 0:58:47]} Qd5 {[%clk 0:56:36]} 20.
f3 {[%clk 0:52:36]} Rb3 {[%clk 0:39:22]} 21. Be3 {[%clk 0:41:14]} a4 {[%clk
0:33:01]} 22. Qc2 {[%clk 0:38:56]} f5 {[%clk 0:22:07]} 23. Nf2 {[%clk 0:30:39]}
f4 {[%clk 0:21:40]} 24. Nxh3 {[%clk 0:27:42]} fxe3 {[%clk 0:22:04]} 25. Ng5
{[%clk 0:27:58]} e4 {[%clk 0:15:12]} 26. Nxe4 {[%clk 0:28:21]} Rab8 {[%clk
0:15:36]} 27. Rdc1 {[%clk 0:15:41]} Rxb2 {[%clk 0:08:44]} 28. Rxb2 {[%clk
0:15:53]} Rxb2 {[%clk 0:09:11]} 29. Qxa4 {[%clk 0:15:36]} Rxe2 {[%clk 0:06:34]}
30. Qa8+ {[%clk 0:15:20]} Kf7 {[%clk 0:05:58]} 31. Qb7+ {[%clk 0:15:01]} Kg8
{[%clk 0:05:00]} 32. Rxc6 {[%clk 0:04:36]} Re1+ {[%clk 0:03:07]} 33. Kg2 {[%clk
0:05:02]} Qa2+ {[%clk 0:02:23]} 34. Kh3 {[%clk 0:05:21]} h5 {[%clk 0:01:31]} 35.
Nf6+ {[%clk 0:05:24]} 1-0

[Event "Baku Chess Olympiad | Open"]
[Site "chess24.com"]
[Date "2016.09.12"]
[Round "10"]
[White "Giasi, Viresh"]
[Black "Anwuli Daniel"]
[Result "1/2-1/2"]
[Board "2"]
[WhiteID "8200165"]
[WhiteElo "1979"]
[WhiteTitle "FM"]
[WhiteCountry "SUR"]
[WhiteFideId "8200165"]
[WhiteEloChange "8"]
[BlackID "8504580"]
[BlackElo "2336"]
[BlackTitle "FM"]
[BlackCountry "NGR"]
[BlackFideId "8504580"]
[BlackEloChange "-8"]

1. e4 {[%clk 1:30:57]} c5 {[%clk 1:29:34]} 2. Nc3 {[%clk 1:31:01]} Nc6 {[%clk
1:29:52]} 3. Nf3 {[%clk 1:28:19]} g6 {[%clk 1:30:08]} 4. b3 {[%clk 1:27:10]} Bg7
{[%clk 1:30:30]} 5. Bb2 {[%clk 1:27:37]} Nf6 {[%clk 1:26:45]} 6. Nd5 {[%clk
1:23:48]} e6 {[%clk 1:27:09]} 7. Nxf6+ {[%clk 1:24:09]} Bxf6 {[%clk 1:27:34]} 8.
Bxf6 {[%clk 1:20:00]} Qxf6 {[%clk 1:27:59]} 9. Bb5 {[%clk 1:19:44]} Nd4 {[%clk
1:26:32]} 10. Nxd4 {[%clk 1:17:33]} Qxd4 {[%clk 1:26:54]} 11. Bd3 {[%clk
1:17:47]} O-O {[%clk 1:22:20]} 12. O-O {[%clk 1:17:42]} d5 {[%clk 1:18:59]} 13.
Qe2 {[%clk 1:03:48]} dxe4 {[%clk 1:12:23]} 14. Qxe4 {[%clk 0:56:00]} Qd6 {[%clk
1:09:51]} 15. Rfe1 {[%clk 0:55:49]} Rd8 {[%clk 1:06:56]} 16. Rad1 {[%clk
0:56:11]} Rb8 {[%clk 1:06:53]} 17. Qe5 {[%clk 0:50:18]} Qxe5 {[%clk 1:03:29]} 18.
Rxe5 {[%clk 0:50:35]} b6 {[%clk 1:03:58]} 19. Be2 {[%clk 0:50:28]} Bb7 {[%clk
1:04:05]} 20. Re3 {[%clk 0:50:44]} Rd4 {[%clk 1:03:46]} 21. d3 {[%clk 0:51:00]}
Rbd8 {[%clk 1:04:10]} 22. Re1 {[%clk 0:51:12]} Kg7 {[%clk 1:02:05]} 23. Bf3
{[%clk 0:49:59]} Bxf3 {[%clk 1:02:01]} 24. Rxf3 {[%clk 0:50:25]} b5 {[%clk
0:59:06]} 25. Kf1 {[%clk 0:49:17]} R8d6 {[%clk 0:51:10]} 26. Re5 {[%clk 0:46:27]}
R4d5 {[%clk 0:51:21]} 27. Re1 {[%clk 0:37:48]} Ra6 {[%clk 0:47:07]} 28. Ra1
{[%clk 0:37:38]} Ra3 {[%clk 0:47:18]} 29. Re3 {[%clk 0:37:56]} Kf6 {[%clk
0:47:12]} 30. Ree1 {[%clk 0:36:54]} Rd6 {[%clk 0:44:13]} 31. Reb1 {[%clk
0:37:09]} Rda6 {[%clk 0:43:26]} 32. Rb2 {[%clk 0:37:04]} Ke5 {[%clk 0:43:53]} 33.
c3 {[%clk 0:28:34]} Kd6 {[%clk 0:32:04]} 34. c4 {[%clk 0:27:26]} b4 {[%clk
0:32:15]} 35. Ke2 {[%clk 0:27:46]} Ke5 {[%clk 0:31:55]} 36. Ke3 {[%clk 0:28:15]}
g5 {[%clk 0:25:55]} 37. h4 {[%clk 0:10:37]} h6 {[%clk 0:18:44]} 38. hxg5 {[%clk
0:09:56]} hxg5 {[%clk 0:19:12]} 39. d4+ {[%clk 0:03:03]} cxd4+ {[%clk 0:19:38]}
40. Kd3 {[%clk 0:33:32]} R6a5 {[%clk 0:45:39]} 41. Re1+ {[%clk 0:33:07]} Kd6
{[%clk 0:45:54]} 42. Kxd4 {[%clk 0:30:52]} Rxa2 {[%clk 0:43:55]} 43. Ree2 {[%clk
0:31:21]} Rxb2 {[%clk 0:43:48]} 44. Rxb2 {[%clk 0:31:50]} Kc6 {[%clk 0:41:49]}
45. Re2 {[%clk 0:30:57]} Kd6 {[%clk 0:32:09]} 46. Rc2 {[%clk 0:31:26]} f5 {[%clk
0:31:48]} 47. c5+ {[%clk 0:27:49]} Kc6 {[%clk 0:31:27]} 48. Re2 {[%clk 0:28:18]}
Rxc5 {[%clk 0:29:28]} 49. Rxe6+ {[%clk 0:28:46]} Kb5 {[%clk 0:29:57]} 50. Re2
{[%clk 0:29:14]} g4 {[%clk 0:28:34]} 51. f4 {[%clk 0:28:42]} a5 {[%clk 0:18:45]}
52. Re6 {[%clk 0:28:00]} Rc2 {[%clk 0:14:31]} 53. Re5+ {[%clk 0:28:15]} Kb6
{[%clk 0:15:00]} 54. Rxf5 {[%clk 0:28:09]} Rxg2 {[%clk 0:15:29]} 55. Rf6+ {[%clk
0:28:30]} Kb5 {[%clk 0:15:41]} 56. Rf5+ {[%clk 0:28:58]} Kb6 {[%clk 0:14:01]} 57.
Rf6+ {[%clk 0:29:26]} Kc7 {[%clk 0:14:00]} 58. Kc5 {[%clk 0:27:39]} Rg3 {[%clk
0:09:56]} 59. Kb5 {[%clk 0:27:05]} Rxb3 {[%clk 0:08:52]} 60. Kxa5 {[%clk
0:27:32]} Rb1 {[%clk 0:08:39]} 61. Rg6 {[%clk 0:27:48]} b3 {[%clk 0:08:50]} 62.
Kb4 {[%clk 0:27:12]} b2 {[%clk 0:09:10]} 63. Kb3 {[%clk 0:27:20]} Rf1 {[%clk
0:09:33]} 64. Kxb2 {[%clk 0:27:24]} Rxf4 {[%clk 0:10:02]} 65. Kc3 {[%clk
0:27:42]} Kd7 {[%clk 0:10:29]} 66. Kd3 {[%clk 0:27:53]} Ke7 {[%clk 0:10:56]} 67.
Ke3 {[%clk 0:28:18]} Ra4 {[%clk 0:11:00]} 68. Kf2 {[%clk 0:28:34]} Kf7 {[%clk
0:11:25]} 69. Rg5 {[%clk 0:29:02]} Kf6 {[%clk 0:11:46]} 70. Rb5 {[%clk 0:29:26]}
Ra3 {[%clk 0:11:47]} 71. Kg2 {[%clk 0:29:54]} Rf3 {[%clk 0:11:59]} 72. Ra5 {[%clk
0:29:58]} Re3 {[%clk 0:11:16]} 73. Rb5 {[%clk 0:29:56]} Re5 {[%clk 0:11:15]} 74.
Rb3 {[%clk 0:26:49]} Kg5 {[%clk 0:11:28]} 75. Kg3 {[%clk 0:27:17]} 1/2-1/2